Statistiques concernant Personnages secondaires Ninjago

Cliquez ici pour prendre le quiz!

Statistiques générales

  • Ce quiz a été pris 73 fois
  • Le résultat moyen est 10 sur 20

Statistiques - réponses

descriptionpersonnage% Correct
maître du metalKarlof
90%
ninja brunDareth
70%
maître de l'ambreSkylor
67%
maître de l'espritNeuro
63%
père de zaneDocteur Julien
60%
maître du poisonTox
56%
maître de la vitesseGriffin Turner
52%
inventeur à l'origine
de ninjago 2.0
Cyrus Borg
51%
maître de l'ombreShadow
51%
maître de la fuméeAsh
49%
dernier chef des
hypnobrai
Skales
48%
maître du sonJacob Pevsner
46%
dragon de coleRocky
46%
bras droit de chenClouse
43%
maître de la gravitéGravis
43%
maître de la formeCamille
41%
maître de la natureBolobo
35%
fantôme qui aime les
beignet gourmand
Ghoultar
22%
robot créé par les fils
de garmadon (a eu
4 bras)
Mr E
22%
maître de l'invisibilitéPaleman
21%

Distribution des résultats

Percentile par nombre de réponses

% des personnes avec chaque résultat

Votre développement - résultats

Vous n’avez pas pris ce quiz